Ľudský kapitál ako dôležitý nastroj konkurenčnej výhody podniku bakalárska práca

Enregistré dans:
Détails bibliographiques
Auteur principal: Vatlavic, Andreea
Collectivité auteur: Fakulta podnikového manažmentu EU. Katedra podnikovohospodárska
Autres auteurs: Foltínová, Ľubica, 1975-
Format: Livre
Langue:slovaque
Publié: Bratislava 2024
Tags: Ajouter un tag
Pas de tags, Soyez le premier à ajouter un tag!

MARC

LEADER 00000nbm a2200000 4500
001 0301991
005 20250206093403.3
041 0 |a slo 
044 |a SK 
245 1 0 |a Ľudský kapitál ako dôležitý nastroj konkurenčnej výhody podniku  |b bakalárska práca  |c Andreea Vatlavic ; školiteľ: Ľubica Foltínová 
264 1 |a Bratislava  |c 2024 
300 |a 56 s. 
100 1 |a Vatlavic, Andreea 
700 1 |a Foltínová, Ľubica, 1975- 
710 2 |a Fakulta podnikového manažmentu EU. Katedra podnikovohospodárska